000 00624nam a22002177a 4500
999 _c194897
_d194897
005 20230127145720.0
010 _aB-043133
020 _a8178088355
_c510.00
035 _aB-043133
037 _bUBH
082 _a621.3
100 _aFloyd, Thomas L.
245 _aElectronic devices /
_cby Thomas L. Floyd
250 _a6th ed.
260 _aDelhi
_bPearson Educations
_c2009
270 _a482 FIF, Patparganj
_bDelhi
_e110092
300 _axiii, 993p.
_c30cm(pbk)
500 _aIncludes glossary and index
942 _2ddc
_cEN
_mFLO
_h621.3